Statistics for manchester city starting eleven

Click here to take the quiz!

General Stats

  • This quiz has been taken 48 times
  • The average score is 10 of 15

Answer Stats

Answer% Correct
captainkompany
98%
31ederson
95%
10aguero
88%
17de bruyne
83%
7sterling
83%
2walker
83%
25fernandinho
80%
30otamendi
78%
19sane
68%
14laporte
63%
21david silva
53%
35zinchenko
48%
33gabriel jesus
35%
20bernado silva
18%
8gudogan
5%

Score Distribution

Percentile by Number Answered

Percent of People with Each Score

Your Score History

You have not taken this quiz